000 00746nam a2200193 a 4500
001 000047391
005 20201002060520.0
008 180606s2003 dr 000 0 spa d
020 _a9993432052
040 _aDO-SdBNP
_bspa
_cBNPHU
082 _axxx
_bxxxx
100 1 _aSheng-yen, Lu
_d1945-
_975034
240 1 0 _aAn overview of the Buddhadarma :
_ga discourse by master Sheng-yen Lu, (living Buddha Liang-sheng) /
245 1 0 _aVisión general sobre el Buda-Dharma :
_bdiscurso del maestro Sheng-yen Lu, buda viviente Lien-shen /
_cSheng-yen Lu ; traducción Renate Roos.
260 _aSanto Domingo :
_bTemplo Chang Ming Tang,
_c2003.
300 _a168 p. ;
_c23 cm.
590 _aInventariado, 2018/ YL
700 1 _aRoos, Renate
_etrad.
_921337
999 _c46879
_d46879